| 000 | 00757nam a2200241Ia 4500 | ||
|---|---|---|---|
| 003 | GCL | ||
| 008 | 140319s9999 xx 000 0 ara d | ||
| 040 |
_aGCL / _cGCL |
||
| 082 | 0 | 4 |
_a378.103 _bم ت |
| 100 | 1 | _aمحمد نبيل نوفل | |
| 245 | 1 | 0 |
_aتاملات فى مستقبل التعليم العالى / _cمحمد نبيل نوفل |
| 260 |
_a[S.N] : _bدار سعاد الصباح ، _c1992 |
||
| 300 | _a146 | ||
| 490 |
_aدراسات فى التربية _v0 |
||
| 650 | 0 | 4 | _aالتعليم |
| 650 | 0 | 4 | _aالتربية |
| 650 | 0 | 4 | _aالتراث |
| 650 | 0 | 4 | _aالتعليم العالى |
| 650 | 0 | 4 | _aالتعليم الجامعى |
| 650 | 0 | 4 | _aالاجتماع |
| 650 | 0 | 4 | _aالجامعات والكليات |
| 942 |
_2ddc _cBK |
||
| 999 |
_c55159 _d55159 |
||